[Event "ch-AUT"]
[Site "Vienna AUT"]
[Date "2010.07.28"]
[Round "5"]
[White "Neumeier,K"]
[Black "Denk,A"]
[Result "1/2-1/2"]
[WhiteElo "2380"]
[BlackElo "2319"]

1.e4 d6 2.d4 g6 3.Nc3 Bg7 4.f4 Nf6 5.Nf3 O-O 6.Bd3 c5 7.dxc5 dxc5 8.e5 Nd5
9.Bd2 Nc6 10.Be4 Nxc3 11.Bxc3 Bg4 12.Qxd8 Raxd8 13.Bxc6 bxc6 14.Nd2 f6 15.h3 Be6
16.O-O-O fxe5 17.Bxe5 Bxe5 18.fxe5 Rf2 19.g4 Re2 20.Nf3 Rxd1+ 21.Rxd1 Bd5
22.Rd3 c4 23.Rc3 Bxf3 24.Rxf3 Rxe5 25.Kd2 Kg7 26.Rf4 Rc5 27.Rf3 Re5 28.Kc3 Rc5
29.Kd2 Re5 30.Rf4 Rc5  1/2-1/2

[Event "Tch-POR 1st Div Final"]
[Site "Vila Nova de Gaia POR"]
[Date "2010.07.29"]
[Round "6.7"]
[White "Novais,C"]
[Black "Pereira,RiJC"]
[Result "1-0"]
[WhiteElo "2011"]
[BlackElo "1960"]

1.d4 g6 2.e4 Bg7 3.Nc3 d6 4.f4 Nf6 5.Nf3 O-O 6.Bd3 Na6 7.O-O c5 8.d5 e6 9.dxe6 fxe6
10.e5 dxe5 11.Nxe5 Nc7 12.Ne4 Qe7 13.Be3 Nxe4 14.Bxe4 Bxe5 15.fxe5 Rxf1+
16.Qxf1 Rb8 17.Qf3 b6 18.Rf1 Ba6 19.Re1 Rf8 20.Qg3 Qf7 21.h4 Qg7 22.Rd1 Bc4
23.h5 Bd5 24.h6 Qf7 25.Bd3 c4 26.Rf1 Qe8 27.Be2 Rxf1+ 28.Bxf1 Qd7 29.Qg4 Qc6
30.Qh4 Ne8 31.Qe7 Qc8 32.Qxa7 b5 33.Qe7  1-0

[Event "Open ch-BUL w"]
[Site "Vratsa BUL"]
[Date "2010.07.29"]
[Round "7"]
[White "Ivanova,G"]
[Black "Videnova,I"]
[Result "1/2-1/2"]
[WhiteElo "1771"]
[BlackElo "2304"]

1.d4 g6 2.e4 Bg7 3.Nc3 d6 4.Be3 a6 5.a4 b6 6.g3 Bb7 7.Bg2 e6 8.Nge2 Ne7 9.O-O O-O
10.Qd2 Nd7 11.g4 e5 12.f4 exf4 13.Bxf4 Ra7 14.Ng3 c5 15.Nce2 cxd4 16.Nxd4 d5
17.c3 Nf6 18.e5 Nxg4 19.Rae1 Qd7 20.h3 g5 21.Bxg5 Nxe5 22.Bxe7 Qxe7 23.Ndf5 Qc5+
24.Kh2 Ng6 25.Nxg7 Kxg7 26.Nh5+ Kh8 27.Qh6 Qc7+ 28.Kh1 f5 29.Rxf5 Raa8 30.Rg5 Rae8
31.Rg1 Kg8 32.Be4 dxe4  1/2-1/2

[Event "19th Open"]
[Site "Kavala GRE"]
[Date "2010.07.30"]
[Round "1"]
[White "Andriasian,Z"]
[Black "Elez,N"]
[Result "1-0"]
[WhiteElo "2588"]
[BlackElo "2245"]

1.d4 d6 2.e4 g6 3.Nc3 Bg7 4.Be3 c6 5.f4 Qc7 6.Nf3 Bg4 7.h3 Bxf3 8.Qxf3 Nd7
9.O-O-O e6 10.f5 O-O-O 11.g4 e5 12.d5 c5 13.h4 f6 14.g5 gxf5 15.exf5 h6 16.g6 a6
17.Ne4 b5 18.Ng3 Ne7 19.Nh5 Rdg8 20.Kb1 Nb6 21.Qe4 Qd7 22.Rh2 Kb8 23.Rf2 Nec8
24.Rf3 Rd8 25.Bc1 Qe7 26.Ra3 Kb7 27.Qe1 Rd7 28.Qa5 Na4 29.c4  1-0

[Event "Politiken Cup"]
[Site "Copenhagen DEN"]
[Date "2010.07.31"]
[Round "1"]
[White "Andersen,Dag"]
[Black "Jacobsen,Bo"]
[Result "1-0"]
[WhiteElo "1899"]
[BlackElo "2335"]

1.d4 d6 2.e4 g6 3.Nc3 Bg7 4.Bc4 c6 5.Bb3 Nf6 6.Nf3 O-O 7.O-O Bg4 8.h3 Bxf3
9.Qxf3 e5 10.dxe5 dxe5 11.Be3 Nbd7 12.a4 Qe7 13.Rfd1 Nc5 14.Bc4 Nfd7 15.a5 Ne6
16.Bxe6 Qxe6 17.Qe2 Rfd8 18.Rd2 Bf6 19.b4 Be7 20.Rb1 a6 21.Rb3 Nf6 22.Rxd8+ Rxd8
23.Bb6 Rd7 24.Na4 Nh5 25.Be3 Nf4 26.Qf3 Qc4 27.Bxf4 exf4 28.Nb6 Qd4 29.Nxd7 Qxd7
30.Rd3 Qc7 31.c3 c5 32.bxc5 Bxc5 33.Rd5 Qxa5 34.Qxf4 Qxc3 35.e5 b6 36.Rd8+ Kg7
37.Rd7 Qb3 38.Qf6+ Kg8 39.Rd8+ Bf8 40.Qd6  1-0

[Event "Politiken Cup"]
[Site "Copenhagen DEN"]
[Date "2010.07.31"]
[Round "1"]
[White "Kyrkjebo,Erlend"]
[Black "Danielsen,Hen"]
[Result "0-1"]
[WhiteElo "1922"]
[BlackElo "2512"]

1.e4 g6 2.d4 Bg7 3.Nc3 d6 4.Be3 a6 5.Qd2 Nd7 6.O-O-O b5 7.f3 Bb7 8.h4 h5
9.g4 hxg4 10.Bg2 Ngf6 11.Rf1 c5 12.dxc5 dxc5 13.f4 b4 14.Nd5 Nxd5 15.exd5 Nb6
16.Bxc5 Bxb2+ 17.Kb1 Bc3 18.Qe2 Nxd5 19.Rd1 e6  0-1

[Event "Politiken Cup"]
[Site "Copenhagen DEN"]
[Date "2010.08.01"]
[Round "2"]
[White "Eriksson,C"]
[Black "Mchedlishvili,M"]
[Result "0-1"]
[WhiteElo "2128"]
[BlackElo "2625"]

1.e4 d6 2.d4 g6 3.Nc3 Bg7 4.f4 Nc6 5.Nf3 Bg4 6.Be3 Bxf3 7.gxf3 Nf6 8.Qd2 e6
9.O-O-O Ne7 10.Kb1 d5 11.Qg2 Qd7 12.Bb5 c6 13.Bd3 Nh5 14.Ne2 f5 15.Ng3 Nf6
16.e5 Nfg8 17.h4 h5 18.Ne2 Bf8 19.c4 dxc4 20.Bxc4 Rh7 21.Nc3 Rg7 22.Qc2 Kf7
23.Bb3 Nd5 24.Nxd5 exd5 25.Qf2 Nh6 26.Rde1 Kg8 27.Bd2 Kh7 28.Re2 Be7 29.Qe1 Re8
30.Be3 Nf7 31.Rc2 Nd8 32.Qf2 Ne6 33.Rcc1 Qd8 34.Rcd1 Rf8 35.Rc1 a5 36.Ba4 Qb6
37.Qd2 Rgf7 38.Ka1 Qb4 39.Qxb4 axb4 40.Kb1 Rc8 41.Bb3 Ra8 42.Kc2 Bf8 43.Kd3 Bh6
44.Bd2 Nxf4+ 45.Bxf4 Bxf4 46.Rc2 Kh6 47.Rg2 Rg7 48.Rhg1 Re8 49.Ke2 c5 50.dxc5 Rxe5+
51.Kd3 Re3+ 52.Kd4 Rxf3 53.Bxd5 Rh3 54.Kc4 Rxh4 55.Kb5 Be3 56.Rf1 Rd4 57.Bb3 Re4
58.Rc2 Re5 59.Kxb4 Rc7  0-1

[Event "IM"]
[Site "Szombathely HUN"]
[Date "2010.08.01"]
[Round "6"]
[White "Tesik,C"]
[Black "Farkas,Ti"]
[Result "1/2-1/2"]
[WhiteElo "2249"]
[BlackElo "2246"]

1.e4 g6 2.d4 Bg7 3.Nc3 d6 4.Bg5 a6 5.f4 b5 6.Nf3 Bb7 7.Bd3 Nd7 8.e5 c5 9.O-O cxd4
10.Ne4 Qb6 11.exd6 f5 12.Ned2 Qxd6 13.a4 b4 14.Nc4 Qc5 15.Re1 Ngf6 16.Bxf6 Bxf6
17.Nfe5 Nxe5 18.Nxe5 O-O 19.Qe2 Rad8 20.a5 Kg7 21.Kh1 Rd6 22.Nc4 Rc6 23.Qd2 Rc7
24.Ne5 Rb8 25.b3 Be4 26.Nc4  1/2-1/2

[Event "Politiken Cup"]
[Site "Copenhagen DEN"]
[Date "2010.08.03"]
[Round "5"]
[White "Heggum,T"]
[Black "Moripen,Markus"]
[Result "0-1"]
[WhiteElo "1689"]
[BlackElo "1953"]

1.e4 g6 2.d4 Bg7 3.Nc3 d6 4.Be3 Nf6 5.h3 Nbd7 6.Qd2 c5 7.Bb5 O-O 8.Bxd7 Nxd7
9.dxc5 Nxc5 10.Bh6 Bxh6 11.Qxh6 Qa5 12.O-O-O Be6 13.Nf3 f6 14.h4 Rf7 15.h5 g5
16.Kb1 Na4 17.Nxa4 Qxa4 18.b3 Qxe4 19.Rhe1 Qg4 20.Nh2 Qxg2 21.Rxe6 Qxh2 22.Rde1 Re8
23.R1e2 Qf4 24.R6e4 Qf5 25.f4 g4 26.R4e3 Rg7 27.Rg2 Rc8 28.Rge2 Rc7 29.Rg2 Rc5
30.Reg3 Rd5 31.Kc1 Rd4 32.Rc3 Rxf4 33.Rc8+ Kf7 34.Rh8 Qe5 35.Kd1 Rf1+ 36.Kd2 Qe1+
37.Kd3 Rf3+  0-1

[Event "49th WJun"]
[Site "Chotowa POL"]
[Date "2010.08.05"]
[Round "3"]
[White "Simonian,H"]
[Black "Kasyan,A"]
[Result "0-1"]
[WhiteElo "2494"]
[BlackElo "2326"]

1.e4 g6 2.d4 Bg7 3.Nc3 d6 4.Be3 a6 5.a4 Nf6 6.Qd2 Nc6 7.Nf3 Bg4 8.d5 Nb4
9.Be2 O-O 10.h3 Bxf3 11.Bxf3 a5 12.O-O c6 13.Ne2 Qc7 14.c3 Na6 15.Nd4 Rfe8
16.Rfe1 e6 17.dxc6 bxc6 18.b4 d5 19.exd5 cxd5 20.Nb5 Qc6 21.Bd4 Nd7 22.Bxg7 Kxg7
23.h4 f6 24.h5 Ne5 25.Rxe5 fxe5 26.Qg5 e4 27.h6+ Kg8 28.Qf6 Qd7 29.Bg4 Re7
30.Nd4 Nc7 31.b5 Qd6 32.Nc6 Rf7 33.Qd4 Ne8 34.Ne5 Re7 35.Rb1 Nf6 36.Nxg6 Nxg4
37.Qh8+ Kf7 38.Qg7+ Ke8 39.Qg8+ Kd7 40.Qxa8 hxg6 41.g3 Qb6 42.Qf8 e3 43.Qf4 exf2+
44.Kg2 Qe3 45.Qxg4 Qe1 46.Qf3 Qxb1 47.Qxf2 Qe4+  0-1

[Event "111th US Open"]
[Site "Irvine USA"]
[Date "2010.08.05"]
[Round "?"]
[White "Vilenchuk,M"]
[Black "Weeramantry,S SRI"]
[Result "1/2-1/2"]
[WhiteElo "2140"]
[BlackElo "2164"]

1.e4 d6 2.d4 g6 3.Nc3 Bg7 4.Bg5 c6 5.Qd2 b5 6.f4 Nd7 7.Nf3 Nb6 8.Bd3 Bg4
9.h3 Bxf3 10.gxf3 Nc4 11.Bxc4 bxc4 12.Na4 Qc8 13.Qb4 Qa6 14.O-O-O Nf6 15.Bxf6 exf6
16.Nc3 O-O 17.Qxd6 Rfd8 18.Qa3 Qxa3 19.bxa3 Bf8 20.a4 Ba3+ 21.Kd2 Bb4 22.a3 Rxd4+
23.Ke3 Rxd1 24.Nxd1 Bxa3 25.Kd4 Rb8 26.c3 Rb1 27.Kxc4 Bd6 28.Nf2 Rb2 29.Nd3 Ra2
30.Kb3 Ra3+ 31.Kb2 Rxa4 32.Rd1 Ra5 33.Kb3 Rh5 34.Rh1 Rh4 35.Kc4 h5 36.Kd4 g5
37.fxg5 fxg5 38.Rg1 f6 39.Nf2 Bc7 40.c4 Rf4 41.Ke3 Bb6+ 42.Ke2 Rh4 43.Ra1 Kf7
44.Nd3 Bd4 45.Ra4 Rxh3 46.c5 Rh2+ 47.Kf1 Be3 48.Rxa7+ Kg6 49.Rd7 Rc2 50.Rd6 h4
51.Ne5+ Kg7 52.Rd7+ Kg8 53.Ng4 Bxc5 54.Nxf6+ Kf8 55.Nh7+  1/2-1/2

[Event "Politiken Cup"]
[Site "Copenhagen DEN"]
[Date "2010.08.06"]
[Round "8"]
[White "Willumsen,H"]
[Black "Carnstam,T"]
[Result "0-1"]
[WhiteElo "2165"]
[BlackElo "2004"]

1.e4 g6 2.d4 Bg7 3.Nc3 d6 4.f4 Nf6 5.Nf3 O-O 6.Be3 Nbd7 7.Be2 e5 8.dxe5 Ng4
9.Bg1 dxe5 10.Ng5 exf4 11.h4 Nde5 12.Qxd8 Rxd8 13.Nd5 Ne3 14.Bxe3 fxe3 15.O-O c6
16.Nxe3 h6 17.Nxf7 Rd2 18.Rad1 Rxe2 19.Rd8+ Kh7 20.Nxe5 Rxe3 21.Rf7 Rxe4
22.Re8 b6 23.Ree7 Rxe5 24.Rxg7+ Kh8 25.Rh7+ Kg8 26.Reg7+ Kf8 27.Rf7+ Ke8
28.Rfg7 Rf5 29.Rxg6 Rf7 30.Rg8+ Ke7 31.Rhh8 Kd7 32.g4 Kd6 33.Rxh6+ Ke5 34.Rhh8 Kf4
35.Kg2 c5 36.Rxc8 Rxc8 37.Rxc8 Kxg4 38.Rh8 Rd7 39.h5 Rd2+ 40.Kf1 Kg5 41.h6 Rxc2
42.h7 Kg6 43.Ra8 Kxh7 44.Rxa7+ Kg6 45.b3 Kf5 46.Ke1 Ke4 47.Ra6 b5 48.Kd1 Kd3
49.a4 b4 50.Rh6 Kc3 51.Rh3+ Kb2 52.a5 Rc3 53.Rh2+ Kxb3 54.a6 Rd3+ 55.Rd2 Rh3
56.a7 Rh1+ 57.Ke2 Ra1 58.Rd7 c4 59.Kd2 c3+ 60.Kd3 c2 61.Rc7 Rxa7  0-1

[Event "Politiken Cup"]
[Site "Copenhagen DEN"]
[Date "2010.08.06"]
[Round "8"]
[White "Schmitt,Ca"]
[Black "Jorgensen,R"]
[Result "0-1"]
[WhiteElo "1933"]
[BlackElo "2098"]

1.e4 g6 2.d4 Bg7 3.Nc3 d6 4.f4 a6 5.Nf3 b5 6.Be2 Bb7 7.a3 Nd7 8.O-O c5 9.Be3 Ngf6
10.e5 Ng4 11.Bc1 cxd4 12.Nxd4 dxe5 13.Bxg4 exd4 14.Ne2 Nf6 15.Bf3 Ne4 16.Ng3 Nxg3
17.Bxb7 Nxf1 18.Bc6+ Kf8 19.Bxa8 Qxa8 20.Kxf1 Bf6 21.Qd2 Qe4 22.a4 b4 23.Qxb4 Qxc2
24.Bd2 Kg7 25.Rc1 Qd3+ 26.Kg1 Rd8 27.Rf1 Rc8 28.f5 Rc2 29.Be1 Bg5 30.Bf2 Rxf2
31.Rxf2 Qd1+ 32.Rf1 Be3+  0-1

[Event "49th WJun"]
[Site "Chotowa POL"]
[Date "2010.08.07"]
[Round "5"]
[White "Sreeves,C"]
[Black "Stoyko,M"]
[Result "0-1"]
[WhiteElo "2085"]
[BlackElo "2206"]

1.e4 d6 2.d4 g6 3.Nc3 Bg7 4.Nf3 Nf6 5.h3 O-O 6.Be3 a6 7.a4 b6 8.e5 Nfd7 9.e6 fxe6
10.Bd3 Nf6 11.h4 Qe8 12.h5 Nxh5 13.Qd2 Nc6 14.g4 Nf6 15.Rh4 Nb4 16.Bh6 Nxd3+
17.cxd3 Qf7 18.O-O-O Nxg4 19.Rxg4 Qxf3 20.Rh4 Qxf2 21.Qg5 Qf6 22.Ne4 Qxg5+
23.Nxg5 Bf6 24.Rg1 Re8  0-1

[Event "GM"]
[Site "Stara Pazova SRB"]
[Date "2010.08.07"]
[Round "9"]
[White "Skoko,Mil"]
[Black "Kovacevic,Draga"]
[Result "1-0"]
[WhiteElo "2209"]
[BlackElo "2282"]

1.e4 g6 2.d4 Bg7 3.Nc3 d6 4.f4 c6 5.Be3 Qb6 6.Qd2 Nf6 7.Nf3 d5 8.e5 Ng4 9.Bg1 Nh6
10.h3 Nf5 11.Bf2 h5 12.g3 a5 13.Bd3 Na6 14.a3 Nc7 15.Kf1 Qa7  1-0

[Event "GM3 Proclient Cup"]
[Site "Olomouc CZE"]
[Date "2010.08.08"]
[Round "5"]
[White "Matsenko,S"]
[Black "Warakomski,T"]
[Result "1-0"]
[WhiteElo "2453"]
[BlackElo "2495"]

1.e4 g6 2.d4 Bg7 3.Nc3 d6 4.f4 a6 5.Nf3 b5 6.Bd3 Nd7 7.e5 c5 8.Be4 Rb8 9.O-O b4
10.Na4 Qc7 11.c3 Nh6 12.Ng5 bxc3 13.bxc3 O-O 14.Be3 Rd8 15.Qf3 cxd4 16.cxd4 Qa5
17.f5 gxf5 18.Bxf5 Nxf5 19.Qxf5 Nf6 20.Qf2 dxe5 21.dxe5 Qxa4 22.exf6 exf6
23.Nf3 f5 24.Qg3 Be6 25.Bd4 f6 26.Bxf6 Qg4 27.Qe5 Bxf6 28.Qxe6+ Kg7 29.Rac1 Qg6
30.Rc7+ Kh8 31.Ne5 Bxe5 32.Qxe5+ Kg8 33.Rc3 Rb5 34.Qe7 Re8 35.Qd7 f4 36.Rc8 Re5
37.Rxe8+ Rxe8 38.Qd5+ Qf7 39.Qxf7+ Kxf7 40.Rxf4+ Kg6 41.Ra4 Re6 42.Kf2 Rf6+
43.Kg3 h5 44.Ra5 Kh6 45.a4 Kg6 46.Re5 Kh6 47.h3 Kg6 48.Rc5 Kh6 49.Rc7 Rb6
50.a5 Rg6+ 51.Kh4 Rd6 52.Rb7 Rd4+ 53.g4 hxg4 54.hxg4 Rd5 55.Rb6+ Kg7 56.Rxa6 Rb5
57.Ra8 Kh7 58.Kg3 Kg7 59.a6 Rb6 60.Kf4 Kh7 61.Ke5 Kg7 62.Kf5 Rf6+ 63.Kg5 Rg6+
64.Kh4 Rh6+ 65.Kg3 Rg6 66.Ra7+ Kh6 67.Kh4 Rb6 68.Ra8 Kg7 69.g5 Rb4+ 70.Kh5 Ra4
71.Ra7+ Kf8 72.Kg6 Ra1  1-0

[Event "14th HZ Open"]
[Site "Vlissingen NED"]
[Date "2010.08.09"]
[Round "4"]
[White "Go,B"]
[Black "Guidarelli,L"]
[Result "0-1"]
[WhiteElo "2128"]
[BlackElo "2433"]

1.e4 d6 2.d4 g6 3.Nc3 Bg7 4.f4 Nf6 5.Nf3 c5 6.dxc5 Qa5 7.Bd3 Qxc5 8.Qe2 O-O
9.Be3 Qa5 10.O-O Nc6 11.h3 Nd7 12.Nd2 f5 13.exf5 gxf5 14.Qh5 Nf6 15.Qh4 Nb4
16.Bc4+ Kh8 17.Bb3 Bd7 18.Nf3 e6 19.Rad1 Qc7 20.g4 Rae8 21.Ng5 fxg4 22.Bd4 Bc6
23.hxg4 Qd7 24.Be5 Nbd5 25.Bxd5 exd5 26.Nxd5 Qxg4+ 27.Qxg4 Nxg4 28.Bxg7+ Kxg7
29.Nc7 Re2 30.Nf3 Rxf4 31.Rd3 Rxf3 32.Rfxf3 Bxf3 33.Rxf3 Rxc2 34.Ne8+ Kg6
35.Rb3 d5 36.Rxb7 h5 37.Kf1 d4 38.Rg7+ Kf5 39.Nd6+ Ke5 40.Nb5 d3 41.Rg5+ Kf4
42.Rd5 Ne3+ 43.Ke1 Re2+  0-1

[Event "Troya Open"]
[Site "Canakkale TUR"]
[Date "2010.08.11"]
[Round "5"]
[White "Citak,S"]
[Black "Bregadze,L"]
[Result "1/2-1/2"]
[WhiteElo "2340"]
[BlackElo "2413"]

1.e4 g6 2.d4 Bg7 3.Nc3 d6 4.Nge2 c6 5.Be3 Nd7 6.Qd2 b5 7.d5 c5 8.Nxb5 Bxb2
9.Rb1 Bg7 10.Ng3 Ngf6 11.Bd3 O-O 12.O-O Ne5 13.Be2 a6 14.Na3 e6 15.h3 exd5
16.exd5 Re8 17.f4 Ned7 18.Nc4 Qc7 19.Bf3 h5 20.f5 h4 21.fxg6 hxg3 22.gxf7+ Kxf7
23.Bh5+ Kg8 24.Bxe8 Nxe8 25.Bh6 Ndf6 26.Rbe1 Ra7 27.Rf3 Kh7 28.Bg5 Qf7 29.Rxe8 Qxe8
30.Bxf6 Qg6 31.Bxg7 Rxg7 32.Qd3 Qxd3 33.Rxd3 Bf5 34.Rc3 Rg6 35.Ne3 Bd7 36.Nf1 Rg5
37.Nxg3 Rxd5 38.Rd3 Rxd3 39.cxd3 Bb5 40.Ne4 Bxd3 41.Nxd6 c4 42.Kf2 c3 43.Ke3 Bf1
44.g3 Bxh3 45.Kd3 Be6 46.a3 Kg6 47.Kxc3 Kg5 48.Kd4 Kg4 49.Ne4 Bf5 50.Nc5 a5
51.Nb3 a4 52.Nc5 Kxg3 53.Nxa4 Kf4 54.Nc5 Bc2 55.Kc3 Bd1 56.Kd2 Bf3 57.Kc3 Ke5
58.a4 Kd6 59.Kb4 Kc6 60.a5 Be2 61.Ne6 Ba6  1/2-1/2

[Event "XI Miquel Mas Open"]
[Site "Figueres ESP"]
[Date "2010.08.11"]
[Round "1"]
[White "Garcia Castany Musellas,G"]
[Black "Salgado Allaria,C"]
[Result "1-0"]
[WhiteElo "1728"]
[BlackElo "2325"]

1.e4 g6 2.d4 Bg7 3.Nc3 d6 4.Be3 a6 5.f4 b5 6.a4 b4 7.Na2 Bb7 8.e5 dxe5 9.dxe5 Nc6
10.Bc5 f6 11.exf6 Bxf6 12.Qxd8+ Nxd8 13.Bxb4 Bxb2 14.Rb1 Bg7 15.Nf3 Nf6 16.Bc3 Bxf3
17.gxf3 Nh5 18.Bxg7 Nxg7 19.Nb4 Nge6 20.Nxa6 Rf8 21.Rb4 Kd7 22.Kf2 Rxf4 23.Nc5+ Ke8
24.Nxe6 Nxe6 25.Bb5+ Kf7 26.Rxf4+ Nxf4 27.Ke3 e5 28.Rd1 Ke6 29.Ke4 Nd5 30.Rxd5  1-0

[Event "Open"]
[Site "Geraardsbergen BEL"]
[Date "2010.08.11"]
[Round "2"]
[White "Karstens,B"]
[Black "Schalkx,J"]
[Result "0-1"]
[WhiteElo "2251"]
[BlackElo "2205"]

1.d4 g6 2.e4 Bg7 3.Nc3 d6 4.Be3 a6 5.f4 Nf6 6.h3 c5 7.Nf3 cxd4 8.Nxd4 Nc6
9.Be2 O-O 10.O-O Qc7 11.Bf3 Na5 12.Nce2 Nc4 13.Bc1 e5 14.Nb3 b5 15.g4 Bb7
16.Ng3 exf4 17.Bxf4 Rfe8 18.Re1 Ne5 19.Rb1 Qb6+ 20.Kh2 Qf2+  0-1

[Event "e2e4 Autumn Challengers D"]
[Site "Uxbridge ENG"]
[Date "2010.08.11"]
[Round "1"]
[White "Healeas,Simon"]
[Black "Jaunooby,A"]
[Result "0-1"]
[WhiteElo "1840"]
[BlackElo "2155"]

1.d4 g6 2.e4 Bg7 3.Nc3 d6 4.Be3 Nd7 5.Nf3 c6 6.Qd2 b5 7.Bd3 Bb7 8.a4 a6 9.O-O h6
10.h3 Qc7 11.Rfe1 b4 12.Nd1 c5 13.d5 Ngf6 14.Bf4 g5 15.Bh2 g4 16.hxg4 Nxg4
17.Bg3 O-O-O 18.c3 a5 19.cxb4 axb4 20.a5 Rdg8 21.Qe2 Ba8 22.Nh4 Bf6 23.Nf5 h5
24.Bh4 Nde5 25.Ba6+ Kd8 26.Bxf6 Nxf6 27.Qb5 Nf3+ 28.Kf1 Nxe1  0-1

[Event "14th HZ Open"]
[Site "Vlissingen NED"]
[Date "2010.08.11"]
[Round "6"]
[White "Eng,A"]
[Black "Gryson,W"]
[Result "0-1"]
[WhiteElo "2086"]
[BlackElo "2223"]

1.e4 g6 2.d4 Bg7 3.Nc3 d6 4.Be3 a6 5.Qd2 Nd7 6.f3 b5 7.Nge2 Bb7 8.Ng3 h5
9.Bd3 h4 10.Nge2 c5 11.dxc5 dxc5 12.Nf4 Ngf6 13.a3 Qc7 14.Nfd5 Nxd5 15.exd5 h3
16.g3 Ne5 17.O-O O-O 18.Be2 Rad8 19.Rad1 b4 20.axb4 cxb4 21.Na4 Rxd5 22.Qxb4 Qxc2
23.Nc3 Rxd1 24.Rxd1 Bxf3 25.Re1 Qf5 26.Rf1 Qh5 27.Bxa6 Ra8 28.Bb7 Rb8 29.Rxf3 Qxf3  0-1

[Event "Open"]
[Site "Arad ROU"]
[Date "2010.08.12"]
[Round "9"]
[White "Vajda,Le"]
[Black "Bogdan,Dan"]
[Result "1-0"]
[WhiteElo "2505"]
[BlackElo "2356"]

1.e4 g6 2.d4 Bg7 3.Nc3 d6 4.Be3 c6 5.h3 Nd7 6.g4 b5 7.Bg2 Bb7 8.Qd2 Rc8 9.Nge2 a6
10.O-O c5 11.Rae1 cxd4 12.Bxd4 Ne5 13.Nd5 Nc4 14.Qc1 Bxd4 15.Nxd4 e5 16.Nf3 h5
17.b3 hxg4 18.hxg4 Nb6 19.Nxb6 Qxb6 20.g5 Ne7 21.Qd2 O-O 22.Re3 Kg7 23.Rd1 Rfd8
24.Ne1 Nc6 25.c3 b4 26.c4 Nd4 27.Nc2 Nxc2 28.Qxc2 Rh8 29.Qd2 Rh5 30.Rd3 Qd8
31.Qxb4 Bxe4 32.Bxe4 Qxg5+ 33.Rg3 Qh4 34.Bg2 Rch8 35.Qxd6 Rf5 36.Qd3 Rhh5
37.Qe3 Rf6 38.Rd2 Qh2+ 39.Kf1 e4 40.c5 Rxc5 41.Qxc5 Qxg3 42.Qd4 Qg5 43.Bxe4 Kh7
44.Rd3 Kg8 45.Rh3  1-0

[Event "Negroponte Open"]
[Site "Chalkis GRE"]
[Date "2010.08.12"]
[Round "4"]
[White "Mahjoob,M"]
[Black "Mandon,F"]
[Result "1-0"]
[WhiteElo "2546"]
[BlackElo "2202"]

1.e4 g6 2.d4 Bg7 3.Nc3 d6 4.Be3 a6 5.a4 Nd7 6.Nf3 c5 7.dxc5 Nxc5 8.e5 Qa5
9.Bc4 Be6 10.Qe2 Rc8 11.O-O Bxe5 12.Nxe5 dxe5 13.Rfe1 Nf6 14.Bh6 Rc6 15.Bb5 Ncd7
16.Bxc6 bxc6 17.h3 Rg8 18.Bd2 Qb6 19.a5 Qb7 20.Ne4 Nxe4 21.Qxe4 Bd5 22.Qb4 Qxb4
23.Bxb4 f6 24.f4 Kf7 25.fxe5 Nxe5 26.b3 g5 27.Re3 g4 28.c4 Be6 29.Rf1 Ng6
30.Rfe1 Ne5 31.h4 Rb8 32.Bc3 Rxb3 33.Bxe5 Rxe3 34.Rxe3 fxe5 35.Rxe5 Bxc4
36.Re4 Bd5 37.Rxg4 c5 38.Rg5 e6 39.Kf2 h6 40.Rg3 e5 41.h5  1-0

[Event "7th Marques Prol"]
[Site "Santos BRA"]
[Date "2010.08.12"]
[Round "5"]
[White "Barbosa,E"]
[Black "Crosa Coll,M"]
[Result "1/2-1/2"]
[WhiteElo "2279"]
[BlackElo "2398"]

1.e4 g6 2.d4 Bg7 3.Nc3 d6 4.f4 a6 5.Nf3 b5 6.Bd3 Bb7 7.e5 Nd7 8.O-O e6 9.a4 b4
10.Ne4 Bxe4 11.Bxe4 d5 12.Bd3 Ne7 13.Qe1 c5 14.dxc5 Nc6 15.Be3 Bf8 16.Nd4 Nxd4
17.Bxd4 Nxc5 18.a5 Nxd3 19.cxd3 Be7 20.Bb6 Qd7 21.Rc1 Qb5 22.d4 Rb8 23.Qg3 O-O
24.f5 exf5 25.Rxf5 Rbc8 26.Rcf1 Rc2 27.R5f2 Qc4 28.b3 Qc3 29.Rf3 Qb2 30.R3f2 Rxf2
31.Rxf2 Qb1+ 32.Rf1 Qe4 33.Rf4 Qe2 34.Rf1 Qe4 35.Rf4 Qe2 36.Rf1 Qe4  1/2-1/2

[Event "e2e4 Autumn Masters A"]
[Site "Uxbridge ENG"]
[Date "2010.08.12"]
[Round "2"]
[White "Player,E"]
[Black "McNab,C"]
[Result "0-1"]
[WhiteElo "2176"]
[BlackElo "2463"]

1.e4 g6 2.d4 d6 3.Nc3 Bg7 4.Be3 Nf6 5.Qd2 c6 6.Bh6 Bxh6 7.Qxh6 Qa5 8.Bd3 c5
9.d5 Nbd7 10.Nf3 b5 11.O-O c4 12.Be2 b4 13.Nd1 Qc5 14.Qh4 h6 15.Re1 Bb7 16.c3 Rc8
17.cxb4 Qxb4 18.a3 Qb6 19.Rc1 Ba6 20.Bf1 Kf8 21.Qf4 Kg7 22.Rc2 Rhe8 23.Qc1 Nc5
24.Nc3 Nfd7 25.Re3 Nd3 26.Qd2 N7c5 27.Ne2 e5 28.dxe6 Rxe6 29.Ng3 Rce8 30.Nd4 Rf6
31.Qc3 Re5 32.Nf3 Na4 33.Qd4 Qxd4 34.Nxd4 Naxb2 35.Ndf5+ Kh7 36.Bxd3 Nxd3
37.Nd4 Ra5 38.Rc3 Nxf2 39.Rf3 Ng4 40.Nc6 Rc5 41.Nb4 Bb7 42.h3 Rxf3 43.gxf3 Ne5
44.Kf2 a5 45.Nc2 Nd3+ 46.Ke3 Nb2 47.Kd4 Ba6 48.Ne3 Na4 49.Rc2 Nb6 50.Ne2 Rb5
51.Nf4 Rb3 52.Rc3 Na4 53.Rc1 g5 54.Nxc4 Bxc4 55.Kxc4 Rxf3 56.Nd5 Nb2+ 57.Kb5 Rxa3
58.Rf1 Kg7 59.Ne7 a4 60.Nf5+ Kg6 61.Nxd6 Rb3+ 62.Kc5 Nd3+ 63.Kd4 Nf4 64.h4 Rd3+
65.Kc5 a3 66.hxg5 hxg5 67.Nc4 f6 68.Ra1 g4 69.e5 g3 70.exf6 Kxf6 71.Nxa3 g2
72.Nc4 Ne2 73.Nb2 Rc3+ 74.Kb4 Rc1 75.Ra6+ Kf5 76.Ra5+ Ke4  0-1

[Event "Troya Open"]
[Site "Canakkale TUR"]
[Date "2010.08.13"]
[Round "7"]
[White "Korkmaz,N"]
[Black "Bregadze,L"]
[Result "0-1"]
[WhiteElo "2200"]
[BlackElo "2413"]

1.e4 g6 2.d4 Bg7 3.Nc3 d6 4.Be3 c6 5.a4 Nf6 6.Nf3 Ng4 7.Bc1 O-O 8.h3 Nf6
9.Be2 Nbd7 10.O-O e5 11.dxe5 dxe5 12.Qd6 Ne8 13.Qa3 Qc7 14.Rd1 Nef6 15.Be3 Re8
16.Qb3 h6 17.a5 Nh5 18.Nd2 Nf4 19.Bf1 Ne6 20.Na4 Nd4 21.Qd3 b5 22.axb6 axb6
23.c3 Ba6 24.c4 b5 25.Bxd4 exd4 26.cxb5 Bxb5 27.Qc2 Qd6 28.Nc4 Qb4 29.Ncb6 Nxb6
30.Nxb6 Rxa1 31.Rxa1 Bxf1 32.Qxc6 Bb5 33.Qd5 Qxb2 34.Ra8 Qc1+ 35.Kh2 Qc7+  0-1

[Event "e2e4 Autumn Challengers F"]
[Site "Uxbridge ENG"]
[Date "2010.08.13"]
[Round "5"]
[White "Patel,Shyamal"]
[Black "McKenna,Jas"]
[Result "1-0"]
[WhiteElo "1898"]
[BlackElo "2109"]

1.e4 g6 2.d4 Bg7 3.Nc3 d6 4.f4 c6 5.Nf3 Bg4 6.Be3 Qb6 7.Qd2 Bxf3 8.gxf3 Nd7
9.O-O-O Qa5 10.Kb1 Ngf6 11.Rg1 Nh5 12.Bc4 b5 13.Bb3 Nb6 14.e5 d5 15.f5 e6
16.fxe6 fxe6 17.Qg2 Nc4 18.Qg4 Kd7 19.Bc1 Rhf8 20.a4 Rf5 21.Bd2 Nxd2+ 22.Rxd2 Bh6
23.Rdd1 Be3 24.Rge1 Bf2 25.Re2 Rf4 26.Rxf2 Rxg4 27.fxg4 Ke7 28.Rdf1 Re8 29.Rf7+ Kd8
30.gxh5 b4 31.Ne2 Re7 32.hxg6 hxg6 33.Rf8+ Kd7 34.Nf4 Qa6 35.Nd3 Qb6 36.Nc5+ Kc7
37.Rg8 a5 38.Rff8  1-0

[Event "e2e4 Autumn Masters B"]
[Site "Uxbridge ENG"]
[Date "2010.08.13"]
[Round "5"]
[White "Lefebvre,H"]
[Black "Rausis,I"]
[Result "1/2-1/2"]
[WhiteElo "2268"]
[BlackElo "2466"]

1.e4 g6 2.d4 Bg7 3.Nc3 d6 4.f4 Nf6 5.Nf3 O-O 6.e5 dxe5 7.fxe5 Nd5 8.Ne4 Bf5
9.Ng3 Bg4 10.Be2 c5 11.h3 Bxf3 12.Bxf3 cxd4 13.Qxd4 e6 14.Bxd5 Nc6 15.Qf2 Qxd5
16.O-O Nxe5 17.Bf4 Rad8 18.Rad1 Qxd1 19.Rxd1 Rxd1+ 20.Kh2 Nc6 21.c3 e5 22.Bg5 f5
23.Qe2 Rd7 24.Qc4+ Rff7 25.Qe6 Bf8 26.h4 Rd6 27.Qe8 h5 28.b4 a6 29.a4 Ne7
30.c4 Rc6 31.b5 Rc8 32.Qd7 Rxc4 33.Qxb7 a5 34.Qa8 Kg7 35.Qb8 Rxa4 36.Qxe5+ Kg8
37.Qe6 Rb4 38.b6 a4 39.Qd6 Rb2 40.Bxe7 Rxe7 41.Qxg6+ Rg7 42.Qe6+ Kh7  1/2-1/2

[Event "49th WJun"]
[Site "Chotowa POL"]
[Date "2010.08.14"]
[Round "11"]
[White "Straka,Jos"]
[Black "Casanova,F"]
[Result "1-0"]
[WhiteElo "2337"]
[BlackElo "2074"]

1.e4 g6 2.d4 d6 3.Nc3 Bg7 4.Be3 Nf6 5.Qd2 c6 6.f3 Nbd7 7.g4 b5 8.g5 Nh5 9.Nce2 c5
10.Ng3 Nxg3 11.hxg3 a6 12.Ne2 Bb7 13.Rd1 cxd4 14.Nxd4 Ne5 15.Be2 Qc7 16.Rh4 Nc4
17.Bxc4 Qxc4 18.b3 Qc7 19.Ne2 Rd8 20.Bd4 e5 21.Bc3 Rd7 22.Ba5 Qc5 23.Bb4 Qc8
24.Nc3 f6 25.Nd5 fxg5 26.Rh2 Qc6 27.Qxg5 Rf7 28.Rd3 Qd7 29.Nb6 Qc7 30.Rxd6 Rxf3
31.Re6+  1-0

[Event "49th WJun"]
[Site "Chotowa POL"]
[Date "2010.08.14"]
[Round "11"]
[White "Pagerka,M"]
[Black "Lomsadze,D"]
[Result "1/2-1/2"]
[WhiteElo "2215"]
[BlackElo "2364"]

1.e4 g6 2.d4 Bg7 3.Nc3 d6 4.Be3 c6 5.a4 Nf6 6.h3 O-O 7.Nf3 Nbd7 8.a5 e5 9.dxe5 dxe5
10.Qd6 Ne8 11.Qd2 Qe7 12.Bc4 Kh8 13.O-O f5 14.Bg5 Qc5 15.Qe2 Nd6 16.exf5 gxf5
17.Nh4 e4 18.Be3 Qb4 19.Nxf5 Ne5 20.Ra4 Qxa4 21.Nxa4  1/2-1/2

[Event "Open"]
[Site "Geraardsbergen BEL"]
[Date "2010.08.14"]
[Round "8"]
[White "Termeulen,A"]
[Black "Gooris,J"]
[Result "1-0"]
[WhiteElo "2155"]
[BlackElo "2127"]

1.e4 g6 2.d4 Bg7 3.Nc3 d6 4.f4 Nf6 5.Nf3 O-O 6.e5 Nfd7 7.h4 c5 8.h5 cxd4
9.Qxd4 dxe5 10.Qf2 exf4 11.hxg6 hxg6 12.Qh4 Nf6 13.Bxf4 Qa5 14.Bb5 Qb4 15.O-O-O Nh5
16.Be5 Qxh4 17.Rxh4 Nc6 18.Bxg7 Kxg7 19.Nd5 Nf6 20.Bxc6 bxc6 21.Nxe7 Bb7
22.Rd6 Rh8 23.Rf4 Rae8 24.Rdxf6 Rxe7 25.Ne5 Rh1+ 26.Kd2 Rxe5 27.Rxf7+ Kh6
28.Rxb7 Kg5 29.Rc4 Rh2 30.Rxc6 Rxg2+ 31.Kc3 a5 32.a4 Kf4 33.Rf7+ Ke3 34.Rff6 g5
35.Rce6 Ke4 36.Rxe5+ Kxe5 37.Ra6 Rg3+ 38.Kc4 Rg4+ 39.Kb3 Rb4+ 40.Ka3 Kf4
41.Rxa5 Re4 42.Ra8 g4 43.Rf8+ Ke3 44.a5 g3 45.b4 Rf4 46.Rg8 Kf3 47.Rxg3+ Kxg3
48.a6 Rf8 49.b5 Kf4 50.Kb2 Ke5 51.a7 Ra8 52.b6  1-0

[Event "e2e4 Autumn Challengers D"]
[Site "Uxbridge ENG"]
[Date "2010.08.14"]
[Round "7"]
[White "Kirby,P"]
[Black "Bennett, Dominic"]
[Result "1/2-1/2"]
[WhiteElo "2039"]
[BlackElo "1973"]

1.e4 g6 2.d4 Bg7 3.Nc3 d6 4.Be3 a6 5.Qd2 Nd7 6.f3 c5 7.Nge2 b5 8.dxc5 Nxc5
9.Bd4 Bh6 10.Be3 Bg7 11.Bd4 Bh6 12.Be3 Bg7  1/2-1/2